Relación entre las características edáficas y la vegetación natural en un establecimiento agropecuario del partido de Patagones (Buenos Aires) /

Guardado en:
Autor Principal: Cardona, Alejandra Soledad.
Autor Corporativo: Universidad Nacional del Sur. Departamento de Agronomía.
Otros Autores: Mayor, Mirta, (tutor.)
Formato: Libro
Idioma:Spanish
Publicado: Bahía Blanca, 2007.
Etiquetas: Agregar Etiqueta
Sin Etiquetas, Sea el primero en etiquetar este registro!
LEADER 00787nam a22001695a 4500
001 EEA.libagro007902
005 20180412110256.0
008 130809s2007####ag#a##########000#0#spa#d
082 0 4 |a 333.74 
100 1 |a Cardona, Alejandra Soledad. 
245 1 0 |a Relación entre las características edáficas y la vegetación natural en un establecimiento agropecuario del partido de Patagones (Buenos Aires) /  |c Alejandra Soledad Cardona. 
260 |a Bahía Blanca,  |c 2007. 
300 |a 40 h. :  |b il. ;  |c 30 cm. 
500 |a Trabajo de intensificación (Ingeniero Agrónomo) -- Universidad Nacional del Sur. Departamento de Agronomía, 2007. 
700 1 |a Mayor, Mirta,  |e tutor. 
710 2 |a Universidad Nacional del Sur.  |b Departamento de Agronomía. 
859 |a AR-BbBCA  |b BIB. AGRONOMIA  |h 333.74  |i C268  |p 2007/5291